LIBRARY & INFORMATION CENTRE, KCAET, TAVANUR

ONLINE PUBLIC ACCESS CATALOGUE (OPAC)

Indian practical civil engineers handbook / (Record no. 10680)

MARC details
000 -LEADER
fixed length control field 00555cam a2200229ua 4500
041 ## - LANGUAGE CODE
Language code of text/sound track or separate title eng
082 ## - DEWEY DECIMAL CLASSIFICATION NUMBER
Classification number 624
Item number KHA/IN
100 ## - MAIN ENTRY--AUTHOR NAME
Personal name Khanna, P N .
245 ## - TITLE STATEMENT
Title Indian practical civil engineers handbook /
250 ## - EDITION STATEMENT
Edition statement 13 /
260 ## - PUBLICATION, DISTRIBUTION, ETC. (IMPRINT)
Place of publication New Delhi :
Name of publisher Engineers publishers ,
Year of publication 1994.
300 ## - PHYSICAL DESCRIPTION
Number of Pages ; .
500 ## - GENERAL NOTE
General note *CSS
942 ## - ADDED ENTRY ELEMENTS (KOHA)
Koha item type Books
Holdings
Withdrawn status Lost status Damaged status Home library Current library Shelving location Date acquired Full call number Accession Number Koha item type
      KAUAET KAUAET Scheme 25/07/2018 624 KHA/IN 18224 Book Bank scheme for SC students
      KAUAET KAUAET Scheme 25/07/2018 624 KHA/IN 18512 Book Bank scheme for SC students
      KAUAET KAUAET Scheme 25/07/2018 624 KHA/IN 18226 Book Bank scheme for SC students
Withdrawn     KAUAET KAUAET Scheme 25/07/2018 624 KHA/IN 18225 Book Bank scheme for SC students
free website counter